000 00449nam a22001937a 4500
003 MPLRDC
005 20220104191132.0
008 210129b ||||| |||| 00| 0 eng d
020 _a978-986-173-669-3
082 _a731.3 MLMY
100 _a茂吕美耶
245 _a乙男蚁女
_c
250 _a初版
260 _a台湾
_b麦田出版
_c2011
300 _b
490 _aMIYA: 4
650 _a日本文化
942 _cBK
_o731.3 MLMY
999 _c64107
_d64097